00503 2200205 4500001002100000008004100021035002000062245006300082100001900145250000600164260003200170300001200202084001400214082000800228650001300236990001200249990001200261990001200273990001200285INLIS000000000000678 ind  a0010-0424000654 aEnsiklopedia Penjas; Dasar-Dasar Sepak BolacDanny Meelkey aMeelkey, Danny a1 aBandung :bPakar Rayac2007 a129 hlm a703 DAN e a703 aNonfiksi a0721766 a0721767 a0721768 a0721769